[Event "4NCL/Div4/AD3 vs. SLO3"]
[Site "West Bromwich ENG"]
[Date "2003.11.23"]
[Round "2.2"]
[White "McGowan, Daniel"]
[Black "Graham, Louis"]
[Result "1-0"]
[WhiteElo "2053"]
[BlackElo "1560"]
[PlyCount "99"]
[EventDate "2003.11.23"]

1. e4 e5 2. Nf3 Nc6 3. Bb5 a6 4. Ba4 Nf6 5. O-O b5 6. Bb3 Be7 7. Re1 d6 8. c3
O-O 9. h3 Be6 10. d4 Bxb3 11. Qxb3 exd4 12. cxd4 d5 13. e5 Ne4 14. Nc3 Nxc3 15.
Qxc3 Qd7 16. a3 b4 17. Qd3 bxa3 18. bxa3 Rfb8 19. Bg5 Na5 20. Bxe7 Qxe7 21. Qf5
g6 22. Qg4 Rb6 23. Ng5 h6 24. Nf3 Nc4 25. Re2 Nxa3 26. e6 Nc4 27. exf7+ Qxf7
28. Rae1 Qf5 29. Qg3 Rc8 30. Qh4 g5 31. Qh5 Qg6 32. Qg4 Rf8 33. Re7 Rc6 34. Qd7
Nb6 35. Qg4 Qf6 36. h4 Qf4 37. Qh5 g4 38. Re8 Rcf6 39. R1e7 Qf5 40. Rxf8+ Rxf8
41. Qxh6 Rf7 42. Re8+ Rf8 43. Rxf8+ Qxf8 44. Qe6+ Qf7 45. Qxg4+ Kf8 46. h5 Nd7
47. h6 a5 48. Ng5 Qe7 49. h7 Kg7 50. Qh5 1-0

[Event "4NCL/Div4/AD3 vs. SLO3"]
[Site "West Bromwich ENG"]
[Date "2003.11.23"]
[Round "2.3"]
[White "Pohribnyj, Chris"]
[Black "Vaddadi, Seshagiri"]
[Result "1/2-1/2"]
[WhiteElo "1592"]
[BlackElo "2058"]
[PlyCount "81"]
[EventDate "2003.11.23"]

1. d4 Nf6 2. c4 b6 3. Nc3 Bb7 4. Nf3 g6 5. e3 Bg7 6. Bd3 d5 7. cxd5 Nxd5 8. O-O
O-O 9. e4 Nxc3 10. bxc3 Nd7 11. Rb1 c5 12. Bb2 Qc7 13. Qe2 Rad8 14. Rfd1 Nf6
15. h3 Bc8 16. e5 Nd5 17. Qd2 h6 18. a3 c4 19. Be4 b5 20. Bc1 Qa5 21. Bb2 Qc7
22. Bc1 a6 23. Re1 Bb7 24. Qb2 Bc6 25. Qd2 Rb8 26. Bb2 Rfd8 27. Rbd1 Ba8 28.
Rb1 Bc6 29. Rbd1 Qb7 30. Qc2 Nf4 31. Bxc6 Qxc6 32. Qe4 Qxe4 33. Rxe4 Nd5 34. g3
a5 35. Rc1 Rdc8 36. Ree1 b4 37. axb4 axb4 38. cxb4 Nxb4 39. Re2 Nd3 40. Rcc2
Nb4 41. Rc1 1/2-1/2

[Event "4NCL/Div4/AD3 vs. SLO3"]
[Site "West Bromwich ENG"]
[Date "2003.11.23"]
[Round "2.4"]
[White "McCarthy, Kevin C"]
[Black "Somerfield, Adrian"]
[Result "1-0"]
[WhiteElo "1920"]
[BlackElo "1480"]
[PlyCount "77"]
[EventDate "2003.11.23"]

1. d4 Nf6 2. Nc3 d5 3. e4 dxe4 4. f3 exf3 5. Nxf3 Bf5 6. Bc4 e6 7. Bg5 Be7 8.
Qd2 c6 9. O-O-O Nbd7 10. Kb1 Qc7 11. d5 cxd5 12. Bxd5 O-O 13. Bb3 a6 14. h3 b5
15. Nd4 Nc5 16. Nxf5 exf5 17. Rhe1 Ra7 18. Bd5 b4 19. Bxf6 Bxf6 20. Bxf7+ Qxf7
21. Nd5 Kh8 22. Qe3 Na4 23. Nxf6 Qxf6 24. Qb3 Nc5 25. Qxb4 Rb7 26. Qd4 Qxd4 27.
Rxd4 g6 28. Rf1 Ne4 29. Rxe4 fxe4 30. Rxf8+ Kg7 31. Re8 Rf7 32. b4 Rf1+ 33. Kb2
Re1 34. Kc3 Re2 35. a4 Rxg2 36. Rxe4 Rg3+ 37. Kc4 Rxh3 38. b5 axb5+ 39. axb5
1-0

[Event "4NCL/Div4/AD3 vs. SLO3"]
[Site "West Bromwich ENG"]
[Date "2003.11.23"]
[Round "2.5"]
[White "Hayes, Lance"]
[Black "Coddington, Oliver"]
[Result "0-1"]
[WhiteElo "1240"]
[BlackElo "1897"]
[PlyCount "54"]
[EventDate "2003.11.23"]

1. d4 Nf6 2. Nc3 d5 3. Nf3 Bf5 4. e3 e6 5. a3 Nbd7 6. Bd3 Ne4 7. Bxe4 dxe4 8.
Nd2 Nf6 9. f3 exf3 10. Nxf3 c6 11. Qe2 Ne4 12. Nxe4 Bxe4 13. Nd2 Bxc2 14. Nf3
Be4 15. O-O Be7 16. b4 O-O 17. Bb2 Qd5 18. Nd2 f5 19. Nf3 a5 20. bxa5 Rxa5 21.
Nd2 Qb5 22. Qc4 Bd5 23. Qxb5 Rxb5 24. a4 Rxb2 25. Nf3 Ra8 26. Ne1 Bb4 27. Nd3
Rxg2+ 0-1

[Event "4NCL/Div4/AD3 vs. SLO3"]
[Site "West Bromwich ENG"]
[Date "2003.11.23"]
[Round "2.6"]
[White "Russant, Stuart"]
[Black "Moore, Kevin J"]
[Result "1-0"]
[WhiteElo "1208"]
[BlackElo "1176"]
[PlyCount "81"]
[EventDate "2003.11.23"]

1. e4 c5 2. Nc3 Nc6 3. f4 e5 4. Nd5 Nf6 5. d3 d6 6. fxe5 Nxe5 7. Bg5 Be7 8.
Nxe7 Qxe7 9. h3 O-O 10. Nf3 Nxf3+ 11. Qxf3 Qe5 12. Bxf6 Qxf6 13. Qxf6 gxf6 14.
g4 h6 15. c4 Bd7 16. a4 a5 17. Kd2 Kh7 18. Be2 b6 19. b3 Bc6 20. Raf1 Kg6 21.
Rf3 Rfe8 22. h4 Re5 23. Rhf1 Re6 24. g5 fxg5 25. hxg5 hxg5 26. Rxf7 Rae8 27.
R7f5 Bd7 28. Rg1 Re5 29. Rgxg5+ Kh6 30. Rxe5 Rxe5 31. Rg8 Be8 32. Ke3 Kh7 33.
Rg4 Bh5 34. Rh4 Kh6 35. Bxh5 Rxh5 36. Rxh5+ Kxh5 37. d4 cxd4+ 38. Kxd4 Kg5 39.
Kd5 Kf4 40. Kxd6 Kxe4 41. Kc6 1-0

[Event "4NCL/Div4/MIN2 vs. OXF2"]
[Site "West Bromwich ENG"]
[Date "2003.11.23"]
[Round "2.1"]
[White "Hardman, Michael J"]
[Black "Gunlycke, Daniel"]
[Result "1/2-1/2"]
[WhiteElo "2107"]
[BlackElo "1976"]
[PlyCount "25"]
[EventDate "2003.11.23"]

1. d4 Nf6 2. Nf3 c5 3. g3 cxd4 4. Nxd4 e5 5. Nf3 Nc6 6. Bg2 d5 7. O-O h6 8. c4
Be6 9. cxd5 Nxd5 10. a3 Be7 11. e4 Nb6 12. Nc3 Bc4 13. Qxd8+ 1/2-1/2

[Event "4NCL/Div4/MIN2 vs. OXF2"]
[Site "West Bromwich ENG"]
[Date "2003.11.23"]
[Round "2.2"]
[White "Webster, Ian"]
[Black "Hawkins, J Nick"]
[Result "1-0"]
[WhiteElo "1856"]
[BlackElo "2052"]
[PlyCount "78"]
[EventDate "2003.11.23"]

1. e4 e5 2. d4 exd4 3. c3 d5 4. exd5 Qxd5 5. Nf3 Bg4 6. Be2 Nc6 7. cxd4 O-O-O
8. Nc3 Bb4 9. O-O Qd7 10. Qb3 Bd6 11. Be3 Nf6 12. Rac1 Rhe8 13. Nb5 Kb8 14.
Rxc6 Qxc6 15. d5 Rxe3 16. fxe3 Nxd5 17. Nfd4 Bxh2+ 18. Kxh2 Qh6+ 19. Kg1 Nxe3
20. Qxf7 Qb6 21. Bxg4 Nxf1 22. Kxf1 a6 23. Qe7 Qf6+ 24. Qxf6 gxf6 25. Ne6 Rg8
26. Bf5 axb5 27. Bxh7 Rh8 28. Bd3 Rh1+ 29. Ke2 Ra1 30. Kd2 Rxa2 31. Kc3 c6 32.
Nc5 Kc7 33. Ne4 f5 34. Ng5 Ra5 35. Kb3 b4 36. Kxb4 Re5 37. Nf3 Re3 38. Kc3 f4
39. Nd4 Kd6 1-0

[Event "4NCL/Div4/MIN2 vs. OXF2"]
[Site "West Bromwich ENG"]
[Date "2003.11.23"]
[Round "2.3"]
[White "Parker, Robert"]
[Black "Duggan, Chris"]
[Result "1/2-1/2"]
[WhiteElo "2105"]
[BlackElo "1848"]
[PlyCount "37"]
[EventDate "2003.11.23"]

1. d4 f5 2. Nf3 e6 3. g3 Nf6 4. Bg2 d5 5. O-O Bd6 6. c4 c6 7. b3 Qe7 8. Bb2 O-O
9. Nbd2 Bd7 10. Ne5 Be8 11. Qc2 Bh5 12. f3 Nbd7 13. Rae1 c5 14. Nxd7 Qxd7 15.
e3 Rac8 16. Qd3 Bg6 17. Qe2 Bh5 18. Qd3 Bg6 19. Qe2 1/2-1/2

[Event "4NCL/Div4/MIN2 vs. OXF2"]
[Site "West Bromwich ENG"]
[Date "2003.11.23"]
[Round "2.4"]
[White "Ludbrook, Matt"]
[Black "Horton, Justin"]
[Result "0-1"]
[WhiteElo "1816"]
[BlackElo "1992"]
[PlyCount "144"]
[EventDate "2003.11.23"]

1. e4 e5 2. Nf3 Nc6 3. Bb5 a6 4. Ba4 Nf6 5. O-O Be7 6. Re1 b5 7. Bb3 d6 8. c3
O-O 9. h3 Nb8 10. d4 Nbd7 11. Nbd2 Bb7 12. Bc2 Re8 13. Nf1 Bf8 14. Ng3 g6 15.
Nh2 Bg7 16. f3 exd4 17. cxd4 c5 18. Be3 Rc8 19. Qd3 cxd4 20. Bxd4 Nc5 21. Qd2
Ne6 22. Bc3 b4 23. Bxb4 Qb6+ 24. Kh1 Rxc2 25. Qxc2 Qxb4 26. Rad1 Rc8 27. Qf2
Nd7 28. Ng4 Ne5 29. Nf1 Nxg4 30. hxg4 Bd4 31. Ne3 Qc5 32. Qd2 Qe5 33. Qd3 Qg3
34. Kg1 Ng5 35. Qe2 Nh3+ 36. Kh1 Nf2+ 37. Kg1 Nxd1 38. Rxd1 Qe5 39. Kf1 Bxe3
40. Qxe3 Qb5+ 41. Kg1 Qc5 42. Qxc5 dxc5 43. Rc1 Kf8 44. Kf2 Ke7 45. Ke3 f6 46.
Kf4 Ke6 47. g5 Rc7 48. Rd1 Rf7 49. gxf6 Kxf6 50. Rc1 Rc7 51. b4 c4 52. Ke3 Bc8
53. Kd4 Be6 54. Rc2 g5 55. Ke3 Rd7 56. Rc3 Rd3+ 57. Rxd3 cxd3 58. a4 Bc4 59.
Kd2 Bb3 60. b5 axb5 61. axb5 Bc4 62. b6 Ba6 63. b7 Bxb7 64. Kxd3 Ke6 65. Ke3
Kf6 66. Kf2 g4 67. Ke3 gxf3 68. gxf3 Kg5 69. f4+ Kg4 70. f5 Bc8 71. Kd4 Kf4 72.
Kd5 Bb7+ 0-1

[Event "4NCL/Div4/MIN2 vs. OXF2"]
[Site "West Bromwich ENG"]
[Date "2003.11.23"]
[Round "2.5"]
[White "Twitchell, Neville H"]
[Black "McIntosh, Chris"]
[Result "1-0"]
[WhiteElo "2023"]
[BlackElo "1768"]
[PlyCount "92"]
[EventDate "2003.11.23"]

1. e4 c6 2. d4 d5 3. exd5 cxd5 4. c4 Nf6 5. Nc3 e6 6. Nf3 Nc6 7. c5 Ne4 8. Qc2
f5 9. Bb5 Bd7 10. O-O Be7 11. Bf4 Bf6 12. Bxc6 Bxc6 13. Be5 O-O 14. b4 Nxc3 15.
Qxc3 a5 16. a3 Qd7 17. Rfb1 Ra6 18. Qb2 axb4 19. axb4 Bb5 20. Rxa6 bxa6 21. Ra1
Rf7 22. Qc3 Qc6 23. Bd6 Be2 24. Nd2 Be7 25. Be5 Bf6 26. Qe3 Bxe5 27. Qxe5 Bb5
28. Re1 Re7 29. Nf3 h6 30. Nh4 Bd3 31. Ng6 Re8 32. Nf4 Qb5 33. Nxd5 Be4 34. Nf4
Qxb4 35. Rf1 Kf7 36. Nh5 Rg8 37. Qc7+ Kg6 38. Nf4+ Kf6 39. Qe5+ Kg5 40. Nxe6+
Kg6 41. f3 Bc2 42. d5 Kf7 43. Re1 Bb3 44. Qxf5+ Ke7 45. d6+ Kd7 46. Nd4+ Kd8
1-0

[Event "4NCL/Div4/MIN2 vs. OXF2"]
[Site "West Bromwich ENG"]
[Date "2003.11.23"]
[Round "2.6"]
[White "Harrison, Pete R"]
[Black "De Mooi, Connagh-Joseph"]
[Result "1/2-1/2"]
[WhiteElo "1600"]
[BlackElo "1752"]
[PlyCount "48"]
[EventDate "2003.11.23"]

1. d4 f5 2. Nf3 Nf6 3. e3 d5 4. c4 e6 5. Nc3 c6 6. Ne5 Bd6 7. f4 O-O 8. Bd3 Ne4
9. O-O Nd7 10. Bd2 Rf6 11. Be1 Rh6 12. Nxe4 dxe4 13. Be2 Nf6 14. b4 Bd7 15. a4
Be8 16. c5 Bxe5 17. dxe5 Nd5 18. Qb3 g5 19. g3 Rg6 20. Kh1 Rg7 21. b5 Qc7 22.
Rc1 Rd8 23. Bf2 g4 24. Rfd1 Bd7 1/2-1/2

[Event "4NCL/Div4/NLIB2 vs. HKF2"]
[Site "West Bromwich ENG"]
[Date "2003.11.23"]
[Round "2.1"]
[White "Arnold, Chris"]
[Black "Ogunshola, Ben"]
[Result "0-1"]
[WhiteElo "1831"]
[BlackElo "2158"]
[PlyCount "64"]
[EventDate "2003.11.23"]

1. d4 d6 2. e4 g6 3. Nc3 Bg7 4. Be3 c6 5. Qd2 b5 6. Bd3 Bb7 7. Nf3 Nd7 8. O-O
a6 9. Ne2 c5 10. c3 Qc7 11. Ng3 h5 12. h3 Ngf6 13. Ng5 O-O 14. f4 e5 15. f5
exd4 16. cxd4 Rae8 17. fxg6 fxg6 18. d5 Ne5 19. Ne6 Rxe6 20. dxe6 Re8 21. Bg5
Rxe6 22. Rad1 Nxd3 23. Qxd3 Nxe4 24. Nxe4 Bxe4 25. Qd2 d5 26. Bh6 Bd4+ 27. Be3
Bg7 28. Bh6 Qe5 29. Bxg7 Kxg7 30. Qf2 Rf6 31. Qxc5 Qxb2 32. Qe7+ Kh6 0-1

[Event "4NCL/Div4/NLIB2 vs. HKF2"]
[Site "West Bromwich ENG"]
[Date "2003.11.23"]
[Round "2.2"]
[White "Fowler, Simon"]
[Black "St.Clair, Allan"]
[Result "1-0"]
[WhiteElo "2119"]
[BlackElo "1874"]
[PlyCount "85"]
[EventDate "2003.11.23"]

1. d4 d5 2. c4 Bf5 3. Nc3 e6 4. Qb3 Nc6 5. cxd5 exd5 6. Nxd5 Nxd4 7. Qa4+ c6 8.
Qxd4 Qxd5 9. Qxd5 cxd5 10. e3 Bb4+ 11. Bd2 Bxd2+ 12. Kxd2 Rc8 13. Bd3 Bxd3 14.
Kxd3 Nf6 15. Ne2 Kd7 16. Nc3 Ne4 17. Nxe4 dxe4+ 18. Kxe4 Rc2 19. Rhd1+ Ke7 20.
Kf3 Rxb2 21. Rac1 Rxa2 22. Rc7+ Ke6 23. Rxb7 Rc8 24. Rdd7 Rcc2 25. Re7+ Kd6 26.
Rbd7+ Kc6 27. Rc7+ Kb6 28. Rb7+ Kc6 29. Rec7+ Kd6 30. Rxc2 Rxc2 31. Rxf7 a5 32.
Ra7 Ra2 33. Rxg7 a4 34. Rxh7 a3 35. Ra7 Kc5 36. h4 Kb4 37. h5 Rc2 38. g4 Kb3
39. h6 a2 40. h7 Rc8 41. g5 Rh8 42. g6 Kb2 43. Rxa2+ 1-0

[Event "4NCL/Div4/NLIB2 vs. HKF2"]
[Site "West Bromwich ENG"]
[Date "2003.11.23"]
[Round "2.3"]
[White "Harley-Yeo, Gareth"]
[Black "Pym, Thomas W"]
[Result "0-1"]
[WhiteElo "1749"]
[BlackElo "1976"]
[PlyCount "110"]
[EventDate "2003.11.23"]

1. d4 Nf6 2. c4 c5 3. d5 b5 4. cxb5 a6 5. b6 Qxb6 6. Nc3 g6 7. e4 d6 8. Be2 Bg7
9. Nf3 O-O 10. O-O Bd7 11. a4 Rc8 12. Nd2 Be8 13. Nc4 Qa7 14. Kh1 Nbd7 15. a5
Rab8 16. f4 h6 17. e5 dxe5 18. fxe5 Nh7 19. Bf4 g5 20. Bg3 Rb4 21. Qc2 Nhf8 22.
Rae1 Rd8 23. Bd3 Nb8 24. Na2 Rb7 25. Be4 Rb5 26. Qc3 e6 27. dxe6 Nxe6 28. Nd6
Rxd6 29. Bd3 Rb7 30. Bb1 Rd8 31. b4 cxb4 32. Qc2 Qc5 33. Qh7+ Kf8 34. Bf2 Qxa5
35. Nc1 b3 36. Ne2 Qb4 37. Ng3 Rd2 38. Nh5 Rxf2 39. Nf6 Bc6 40. Be4 Rxf1+ 41.
Rxf1 Bxf6 42. exf6 Ke8 43. Bf5 Qd2 44. Rg1 Nf8 45. Qxh6 Bxg2+ 46. Rxg2 Qd1+ 47.
Rg1 Qd5+ 48. Rg2 Qxf5 49. h4 b2 50. Re2+ Ne6 51. Qh8+ Kd7 52. Rd2+ Kc7 53. Qe8
b1=Q+ 54. Kg2 Qbf1+ 55. Kg3 Q1h3# 0-1

[Event "4NCL/Div4/BCA vs. NOTT"]
[Site "West Bromwich ENG"]
[Date "2003.11.23"]
[Round "2.1"]
[White "Ross, Chris"]
[Black "Walker, Andrew N"]
[Result "0-1"]
[WhiteElo "2133"]
[BlackElo "1968"]
[PlyCount "46"]
[EventDate "2003.11.23"]

1. e4 e5 2. Nf3 Nc6 3. Bb5 Nf6 4. O-O Bc5 5. d3 d6 6. c3 O-O 7. Bg5 h6 8. Bh4
Bg4 9. Nbd2 g5 10. Bg3 Nh5 11. Bxc6 bxc6 12. Kh1 Qd7 13. Qe1 f5 14. exf5 Qxf5
15. Qe4 Qxe4 16. dxe4 Be6 17. b4 Bb6 18. a4 a5 19. b5 cxb5 20. axb5 g4 21. Ng1
Nxg3+ 22. fxg3 Be3 23. Rfd1 Rf2 0-1

[Event "4NCL/Div4/BCA vs. NOTT"]
[Site "West Bromwich ENG"]
[Date "2003.11.23"]
[Round "2.2"]
[White "Truman, Richard G"]
[Black "Burnell, Steve"]
[Result "1-0"]
[WhiteElo "1938"]
[BlackElo "1840"]
[PlyCount "73"]
[EventDate "2003.11.23"]

1. e4 c6 2. d4 d5 3. exd5 cxd5 4. c4 Nf6 5. Nc3 e6 6. Nf3 Be7 7. c5 O-O 8. Bd3
b6 9. cxb6 Qxb6 10. O-O Ba6 11. Na4 Qc7 12. Bg5 Bxd3 13. Qxd3 Nbd7 14. a3 a5
15. Rfc1 Qb8 16. Bh4 Bd6 17. Bg3 Bxg3 18. hxg3 Ne4 19. Rc2 Rc8 20. Rac1 Qb7 21.
Nc5 Nexc5 22. dxc5 Ra6 23. b4 axb4 24. axb4 Qa8 25. b5 Ra1 26. c6 Nb6 27. Qd4
Rxc1+ 28. Rxc1 Qa5 29. Rb1 h6 30. Ne5 Rc7 31. Qc5 Na4 32. Qd6 Nc3 33. b6 Nxb1
34. bxc7 Qe1+ 35. Kh2 Nd2 36. c8=Q+ Kh7 37. Qdb8 1-0

[Event "4NCL/Div4/BCA vs. NOTT"]
[Site "West Bromwich ENG"]
[Date "2003.11.23"]
[Round "2.3"]
[White "Armstrong, William G"]
[Black "Burke, Stephen J"]
[Result "1-0"]
[WhiteElo "1720"]
[BlackElo "1824"]
[PlyCount "75"]
[EventDate "2003.11.23"]

1. d4 c5 2. d5 f5 3. Bg5 Nf6 4. Bxf6 exf6 5. c4 d6 6. e3 g6 7. Bd3 Bg7 8. Ne2
Nd7 9. f4 O-O 10. h4 Re8 11. Kf2 Qe7 12. Qd2 Nf8 13. Nbc3 Bd7 14. Rae1 Bh6 15.
Ng3 Qg7 16. Qc2 a6 17. a4 b6 18. Nce2 Rab8 19. h5 g5 20. Bxf5 Rxe3 21. Kxe3
gxf4+ 22. Kf3 fxg3 23. Rh3 Re8 24. Rxg3 Re3+ 25. Kf2 Rxg3 26. Nxg3 Bf4 27. Nf1
Qg5 28. Re6 Nxe6 29. dxe6 Bc6 30. Bxh7+ Kf8 31. Qg6 Qxg6 32. Bxg6 Bxa4 33. Ne3
b5 34. Nd5 bxc4 35. e7+ Kg7 36. Nxf4 c3 37. bxc3 Bd7 38. Ne6+ 1-0

[Event "4NCL/Div4/BCA vs. NOTT"]
[Site "West Bromwich ENG"]
[Date "2003.11.23"]
[Round "2.4"]
[White "Thompson, Brian"]
[Black "Cohn, H"]
[Result "1-0"]
[WhiteElo "1856"]
[BlackElo "1592"]
[PlyCount "75"]
[EventDate "2003.11.23"]

1. d4 Nf6 2. Nf3 e6 3. e3 c5 4. Be2 Be7 5. O-O O-O 6. c4 d6 7. Nc3 a6 8. b3 b6
9. Bb2 Bb7 10. Qc2 Nbd7 11. Rad1 Qc7 12. Nd2 Rac8 13. Bd3 cxd4 14. exd4 d5 15.
Rde1 dxc4 16. bxc4 Rfe8 17. Re3 h6 18. Rh3 Qb8 19. Nde4 Nxe4 20. Nxe4 Bxe4 21.
Bxe4 Nf6 22. Rc1 Nxe4 23. Qxe4 Bf6 24. Qg4 Qd6 25. Rxh6 g6 26. Rh3 Red8 27. Rd3
Qe7 28. Qe2 Qf8 29. d5 Bxb2 30. Qxb2 exd5 31. Rxd5 Rxd5 32. cxd5 Rxc1+ 33. Qxc1
Qc5 34. Qxc5 bxc5 35. Kf1 Kf8 36. Ke2 Ke7 37. Kd3 Kd6 38. Kc4 1-0

[Event "4NCL/Div4/BCA vs. NOTT"]
[Site "West Bromwich ENG"]
[Date "2003.11.23"]
[Round "2.5"]
[White "Wragg, Norman A"]
[Black "Wright, Antony J"]
[Result "1/2-1/2"]
[WhiteElo "1552"]
[BlackElo "1880"]
[PlyCount "81"]
[EventDate "2003.11.23"]

1. e4 e6 2. d4 d5 3. e5 c5 4. c3 Nc6 5. Nf3 Bd7 6. Be2 cxd4 7. cxd4 Rc8 8. Nc3
a6 9. O-O Nge7 10. Bg5 h6 11. Be3 Ng6 12. Rc1 Be7 13. Bd3 O-O 14. Ne2 Nb4 15.
Rxc8 Qxc8 16. Bb1 Bb5 17. a3 Nc6 18. Qd2 Qd7 19. Rc1 Bxe2 20. Qxe2 Rc8 21. Qd2
Nf8 22. Rc3 Na7 23. Qc1 b5 24. Rxc8 Nxc8 25. b3 Nb6 26. Bd2 Qc8 27. Qxc8 Nxc8
28. Bc1 Nd7 29. Ne1 Na7 30. f4 Nc6 31. Nf3 g6 32. g4 Kg7 33. Kg2 a5 34. Bd3 Na7
35. Kf2 Nb6 36. Ke2 a4 37. b4 Nc4 38. Kd1 Nc6 39. Kc2 Nd8 40. Kc3 Nc6 41. h3
1/2-1/2

[Event "4NCL/Div4/BCA vs. NOTT"]
[Site "West Bromwich ENG"]
[Date "2003.11.23"]
[Round "2.6"]
[White "Graham, Neil"]
[Black "Thacker, Steve M"]
[Result "1-0"]
[WhiteElo "1736"]
[BlackElo "1432"]
[PlyCount "57"]
[EventDate "2003.11.23"]

1. d4 Nf6 2. f3 d5 3. e4 dxe4 4. Nc3 e3 5. Bxe3 e6 6. Bd3 Nbd7 7. Nge2 c6 8.
O-O Bd6 9. Qd2 Qc7 10. Bf4 h6 11. Rae1 O-O 12. Ne4 Bxf4 13. Nxf4 b6 14. c3 a5
15. Re2 Ba6 16. Bxa6 Rxa6 17. Rfe1 Ne8 18. Nh5 Ra7 19. g4 Qd8 20. g5 hxg5 21.
Nxg5 Ndf6 22. Nxf6+ Qxf6 23. Rg2 Qh6 24. Qd3 Nd6 25. Kh1 Nf5 26. Reg1 Rd8 27.
Qe4 Rd5 28. Qf4 Qh5 29. Qb8+ 1-0

[Event "4NCL/Div4/GREN vs. HKF3"]
[Site "West Bromwich ENG"]
[Date "2003.11.23"]
[Round "2.1"]
[White "Pugh, Derek C"]
[Black "James, Stephen B"]
[Result "1-0"]
[WhiteElo "2080"]
[BlackElo "1880"]
[PlyCount "25"]
[EventDate "2003.11.23"]

1. e4 e5 2. Nc3 Nf6 3. Bc4 Nc6 4. d3 Bc5 5. f4 O-O 6. Nf3 Ng4 7. Ng5 d5 8. Nxd5
h6 9. f5 Nf2 10. Qh5 Nxh1 11. f6 Nd4 12. Qg6 Nxc2+ 13. Kf1 1-0

[Event "4NCL/Div4/GREN vs. HKF3"]
[Site "West Bromwich ENG"]
[Date "2003.11.23"]
[Round "2.2"]
[White "Greatorex, Roger"]
[Black "Osborne, David"]
[Result "0-1"]
[WhiteElo "1696"]
[BlackElo "1864"]
[PlyCount "148"]
[EventDate "2003.11.23"]

1. e4 c5 2. d4 cxd4 3. c3 Nf6 4. e5 Nd5 5. Qxd4 e6 6. Nf3 Nc6 7. Qg4 Qc7 8. Qg3
Ncb4 9. Nd4 Nc6 10. Nb5 Qxe5+ 11. Qxe5 Nxe5 12. c4 a6 13. cxd5 axb5 14. Bxb5
exd5 15. O-O Bc5 16. Re1 f6 17. Nc3 d4 18. Ne4 Bb4 19. Bd2 Bxd2 20. Nxd2 Kd8
21. Nb3 d3 22. f4 Nc6 23. Bxd3 Nb4 24. Bb1 b6 25. a3 Nc6 26. Be4 Ra4 27. g3 Nd4
28. Nd2 f5 29. Bd3 Bb7 30. Kf2 Bd5 31. Re5 Be6 32. Rae1 g6 33. Nb1 Nb3 34. Rb5
Nc5 35. Be2 Ne4+ 36. Kf1 Kc7 37. Rd1 d5 38. b3 Ra7 39. Rb4 h5 40. Bb5 h4 41.
Kg2 hxg3 42. hxg3 g5 43. Rc1+ Kd8 44. fxg5 Rah7 45. Kf3 Rh3 46. Rg1 R8h4 47.
Bf1 Nxg5+ 48. Ke3 Rxb4 49. axb4 Rh2 50. Rg2 Rh1 51. Nd2 Ke7 52. Bd3 Kd6 53. Nf1
Ke5 54. Rh2 d4+ 55. Ke2 Rxh2+ 56. Nxh2 Bxb3 57. Nf3+ Nxf3 58. Kxf3 Bd5+ 59. Ke2
Be4 60. Bc4 Kd6 61. Bg8 Bd5 62. Bh7 Ke5 63. Kd3 Bf7 64. b5 Bd5 65. Bg6 Be4+ 66.
Kd2 Kd5 67. Bh7 Kc5 68. g4 fxg4 69. Bxe4 Kxb5 70. Kc2 Kc5 71. Kd3 b5 72. Bg2 g3
73. Bf3 b4 74. Bg2 b3 0-1

[Event "4NCL/Div4/GREN vs. HKF3"]
[Site "West Bromwich ENG"]
[Date "2003.11.23"]
[Round "2.3"]
[White "Johnson, Richard J"]
[Black "Truslove, Arthur D"]
[Result "0-1"]
[WhiteElo "1800"]
[BlackElo "1768"]
[PlyCount "76"]
[EventDate "2003.11.23"]

1. e4 c5 2. Nf3 e6 3. d4 cxd4 4. Nxd4 Nf6 5. Nc3 Nc6 6. Nxc6 bxc6 7. e5 Nd5 8.
Ne4 c5 9. c4 Nb4 10. Bd2 Bb7 11. Nd6+ Bxd6 12. exd6 Qh4 13. Bxb4 cxb4 14. Qd3
Qf6 15. O-O-O Qxf2 16. Rd2 Qe1+ 17. Rd1 Qe4 18. Rd2 Qxd3 19. Bxd3 O-O 20. b3
Rfc8 21. Kb2 a5 22. Rc1 Rc5 23. Re1 g6 24. g4 f6 25. Rf1 Kf7 26. Rdf2 f5 27.
gxf5 gxf5 28. Be2 Rg8 29. a3 Rg2 30. axb4 Rxf2 31. Rxf2 axb4 32. Rf1 Kf6 33.
Ra1 Bc6 34. Rg1 f4 35. Rg4 f3 36. Bd3 Rh5 37. h4 e5 38. c5 e4 0-1

[Event "4NCL/Div4/GREN vs. HKF3"]
[Site "West Bromwich ENG"]
[Date "2003.11.23"]
[Round "2.4"]
[White "Bullock, Andrew"]
[Black "Furnevall, Mark"]
[Result "1-0"]
[WhiteElo "1672"]
[BlackElo "1736"]
[PlyCount "131"]
[EventDate "2003.11.23"]

1. c4 f5 2. g3 Nf6 3. Bg2 g6 4. Nc3 d6 5. Nf3 Bg7 6. d3 O-O 7. Ng5 c6 8. O-O h6
9. Nf3 Na6 10. a3 Nc7 11. Rb1 e5 12. Qc2 Qe8 13. b4 Bd7 14. Nd2 Ne6 15. e3 g5
16. Bb2 Qh5 17. a4 g4 18. f4 exf4 19. exf4 Nd4 20. Qd1 Rae8 21. Nb3 Nxb3 22.
Qxb3 Re3 23. Nd1 Re2 24. Nf2 Rfe8 25. Qc3 R8e7 26. Qc1 Qe8 27. Bc3 h5 28. Rb2
h4 29. Rxe2 Rxe2 30. Re1 hxg3 31. hxg3 Kh7 32. Rxe2 Qxe2 33. Qd1 Qe3 34. Qe1
Qxe1+ 35. Bxe1 Nh5 36. Kh2 Bd4 37. Nd1 Kg6 38. Bc3 Bf6 39. d4 c5 40. dxc5 dxc5
41. b5 Be6 42. Bxb7 Bxc4 43. Bc6 Bb3 44. a5 Bd8 45. Ne3 Nf6 46. Bxf6 Kxf6 47.
b6 Bxb6 48. axb6 axb6 49. Bb5 Ke6 50. Kg1 Bd5 51. Kf2 Be4 52. Ke2 Kd6 53. Kd2
c4 54. Kc3 Kc5 55. Bxc4 b5 56. Be6 b4+ 57. Kb3 Kd4 58. Nxf5+ Kd3 59. Nh6 Ke3
60. f5 Kf3 61. f6 Bg6 62. Nf5 Bh5 63. f7 Bxf7 64. Bxf7 Ke4 65. Be6 Ke5 66. Bc8
1-0

[Event "4NCL/Div4/GREN vs. HKF3"]
[Site "West Bromwich ENG"]
[Date "2003.11.23"]
[Round "2.5"]
[White "Knowles, James"]
[Black "Hogarth, Mark J"]
[Result "1-0"]
[WhiteElo "1624"]
[BlackElo "1744"]
[PlyCount "123"]
[EventDate "2003.11.23"]

1. b3 e5 2. Bb2 Nc6 3. e3 f5 4. Bb5 d6 5. Ne2 Nf6 6. O-O Be7 7. f4 e4 8. c4 Bd7
9. Nbc3 Nb8 10. Bxd7+ Nbxd7 11. Ng3 g6 12. d3 exd3 13. Qxd3 c6 14. Kh1 Nc5 15.
Qc2 O-O 16. e4 Ng4 17. Qe2 Nh6 18. b4 Nxe4 19. Ncxe4 fxe4 20. Nxe4 Qd7 21. Rad1
Qg4 22. Qd2 Nf5 23. Qc3 Qh4 24. Rxd6 Bxd6 25. Nxd6 Qf6 26. Qxf6 Rxf6 27. Bxf6
Nxd6 28. Re1 Kf7 29. Bg5 Re8 30. Rxe8 Kxe8 31. c5 Ne4 32. Kg1 a5 33. a3 axb4
34. axb4 Kd7 35. Kf1 Ke6 36. Ke2 Kd5 37. Kd3 h5 38. Bh4 Nxc5+ 39. bxc5 Kxc5 40.
Kc3 b5 41. Be7+ Kd5 42. Kb4 Ke6 43. Bf8 Kf5 44. g3 Kg4 45. Kc5 g5 46. fxg5 Kxg5
47. Be7+ Kg4 48. Kxc6 Kh3 49. Kxb5 Kxh2 50. Bh4 Kh3 51. Kc5 Kg4 52. Kd5 Kf5 53.
Kd4 Ke6 54. Ke4 Kf7 55. Kf5 Kg7 56. Kg5 Kh7 57. Kxh5 Kg7 58. Bd8 Kh7 59. Bf6
Kg8 60. Kg6 Kf8 61. Kh7 Kf7 62. Ba1 1-0

[Event "4NCL/Div4/GREN vs. HKF3"]
[Site "West Bromwich ENG"]
[Date "2003.11.23"]
[Round "2.6"]
[White "Pearce, Andrew"]
[Black "Butterworth, Paul"]
[Result "0-1"]
[WhiteElo "1456"]
[BlackElo "1608"]
[PlyCount "64"]
[EventDate "2003.11.23"]

1. d4 Nf6 2. Nf3 g6 3. c4 Bg7 4. Nc3 O-O 5. Bf4 c5 6. e3 cxd4 7. exd4 d5 8.
cxd5 Nxd5 9. Nxd5 Qxd5 10. Be2 Nc6 11. Be3 Rd8 12. O-O Nxd4 13. Nxd4 Bxd4 14.
Bf3 Qd6 15. Qb3 e5 16. Rac1 Be6 17. Qxb7 Rab8 18. Qe4 Rxb2 19. Rc6 Qd7 20. Bg5
Rc8 21. Rxc8+ Qxc8 22. Rc1 Qb8 23. Bf6 Rxf2 24. Kh1 Bc4 25. h3 Rf1+ 26. Rxf1
Bxf1 27. Qc2 Ba6 28. Bd5 Qc8 29. Qd2 Qf5 30. Bh4 Qf1+ 31. Kh2 Bg1+ 32. Kg3 Qe2
0-1

[Event "4NCL/Div4/SXM vs. PONTY"]
[Site "West Bromwich ENG"]
[Date "2003.11.23"]
[Round "2.1"]
[White "Prescott, Adam"]
[Black "Saunders, W Nigel"]
[Result "1/2-1/2"]
[WhiteElo "1712"]
[BlackElo "2104"]
[PlyCount "109"]
[EventDate "2003.11.23"]

1. e4 e6 2. c4 b6 3. d4 Bb4+ 4. Bd2 Qe7 5. a3 Bxd2+ 6. Qxd2 d5 7. exd5 exd5+ 8.
Qe3 Bb7 9. cxd5 Bxd5 10. Nc3 Bb7 11. O-O-O Qxe3+ 12. fxe3 Nf6 13. Nf3 O-O 14.
Bd3 Ng4 15. Rhe1 Nf2 16. Rd2 Nxd3+ 17. Rxd3 Nd7 18. e4 Nf6 19. d5 Rad8 20. Rd2
Rfe8 21. Kc2 Re7 22. h3 Rde8 23. Rde2 g6 24. b4 Nh5 25. Nh4 Nf4 26. Rd2 Kg7 27.
Nf3 f6 28. b5 a6 29. a4 axb5 30. axb5 Ra8 31. d6 cxd6 32. Rxd6 Nxg2 33. Re2 Nf4
34. Re1 Rc8 35. Kb3 Rec7 36. Na4 Re8 37. Rxb6 Bxe4 38. Nc3 f5 39. Rd6 Rb7 40.
Kb4 Reb8 41. Ne5 Re8 42. Nc4 Ree7 43. Re3 Rbd7 44. Nxe4 Rxd6 45. Nexd6 Nd5+ 46.
Kc5 Nxe3 47. Nxe3 Rxe3 48. b6 Re7 49. b7 Rxb7 50. Nxb7 g5 51. Nd6 Kg6 52. Kd4
g4 53. hxg4 fxg4 54. Ke3 h5 55. Kf4 1/2-1/2